Oxide ultrathin films : (Record no. 3550)

MARC details
000 -LEADER
fixed length control field 01458cam a22003137a 4500
008 - FIXED-LENGTH DATA ELEMENTS--GENERAL INFORMATION
fixed length control field 130617s2012 gw a b 001 0 eng d
020 ## - INTERNATIONAL STANDARD BOOK NUMBER
ISBN 9783527330164 (cased)
020 ## - INTERNATIONAL STANDARD BOOK NUMBER
ISBN 352733016X (cased)
245 00 - TITLE STATEMENT
Title Oxide ultrathin films :
Remainder of title science and technology /
Statement of responsibility, etc edited by Gianfranco Pacchioni and Sergio Valeri.
260 ## - PUBLICATION, DISTRIBUTION, ETC. (IMPRINT)
Place of publication Germany
Name of publisher Wiley-Vch
Date of publication 2012
300 ## - COLLATION
Pagination xvi, 352 pages :
Other physical details illustrations (some color) ;
520 ## - SUMMARY, ETC.
Summary, etc "A wealth of information in one accessible book. Written by international experts from multidisciplinary fields, this in-depth exploration of oxide ultrathin films covers all aspects of these systems, starting with preparation and characterization, and going on to geometrical and electronic structure, as well as applications in current and future systems and devices."--
650 #0 - TRACINGS
Main Subject Thin films.
Subdivision (1st) Oxides.
650 #0 - TRACINGS
Main Subject Oxides.
650 #7 - TRACINGS
Main Subject Oxides.
650 #7 - TRACINGS
Main Subject Thin films.
650 07 - TRACINGS
Main Subject Dünne Schicht.
650 07 - TRACINGS
Main Subject Metalloxide.
650 07 - TRACINGS
Main Subject Dünne Schicht.
650 07 - TRACINGS
Main Subject Metalloxide.
700 1# - ADDITIONAL AUTHOR
Additional Author Pacchioni, G.
700 1# - ADDITIONAL AUTHOR
Additional Author Valeri, Sergio.
856 41 - ELECTRONIC LOCATION AND ACCESS
URL http://bvbr.bib-bvb.de:8991/F?func=service&doc_library=BVB01&doc_number=024745003&line_number=0001&func_code=DB_RECORDS&service_type=MEDIA
856 42 - ELECTRONIC LOCATION AND ACCESS
URL http://deposit.d-nb.de/cgi-bin/dokserv?id=3830301&prov=M&dok_var=1&dok_ext=htm
942 ## - ADDED ENTRY ELEMENTS (KOHA)
Item type Books
050 00 - LIBRARY OF CONGRESS CALL NUMBER
Classification number TA418.9.T45
Item number .O953 2012
050 14 - LIBRARY OF CONGRESS CALL NUMBER
Classification number QC176.83
Item number .O95 2012
082 04 - DEWEY DECIMAL CLASSIFICATION NUMBER
Classification number 621.38152
Holdings
Source of classification or shelving scheme Not for loan Permanent location Current location Date acquired Accession No. Full call number Barcode. Koha item type
Library of Congress Classification   Engineering Library Engineering Library 05/19/2025 2024/63766 TA418.9.T45.O95 2012 2025-2020 Books